The Netherlands... Or Belgium? - Statistics

General Stats
  • This quiz has been taken 4,704 times
    779 since last reset
  • The average score is 12 of 15
Answer Stats
Question Answer % Correct
It is famous for exporting tulips Netherlands
99%
Its capital's sights include a peeing boy on a fountain Belgium
96%
Gouda cheese comes from here Netherlands
95%
Its capital is a capital of the European Union at the same time Belgium
94%
The last colony, Congo, became independent in 1960 Belgium
92%
Dutch is an official language Both
92%
The government is not located in the capital Netherlands
89%
Has inhabited islands in the North sea Netherlands
89%
German is an official language Belgium
88%
Divided into three administrative regions Belgium
88%
Home to the biggest port in Europe Netherlands
83%
Borders Luxembourg Belgium
82%
A king serves as Head of State Both
81%
Will shut down its only nuclear power plant in 2034 Netherlands
42%
Borders the German city of Aachen Both
33%
No matching quizzes found
Score Distribution
Percent of People with Each Score
Percentile by Number Answered
Your Score History
You have not taken this quiz since the last reset